Datum a čas kvízu

19.5 Celkem bodů Celkový počet nahraných bodů na tomto kvízu bez doplňovacích otázek.
12. Pořadí na kvízu Konečné umístění týmu na tomto kvízu.

Zaznamenané odpovědi

# Otázka Odpověď Body Výsledky
1. V úterý poprvé vystoupil prez... Rudé právo 1
2. Státy EU a zástupci Evropského... D 1
3. Která slovenská kapela minulý... Elán 0
4. Na veletrhu MWC 2026 v Barcelo... D) „mobil“ pro domácí mazlíčky 0
5. Americká běžkyně Jessica McCla... C 0
6. Vítězné téma facebookového hla... 1B 2C 3D 4A 1
7. Která ženská postava běží na k... Bridget Jones 1
8. „Celou dobu mi do nosu tekla v... Tobey Maguire 0
9. Tento filmový polibek byl insp... v Helsinkách 0
10. Jak se jmenují filmové postavy... Lady a Tramp 0